000 03252nam0a2200421 4500
001 RU\NLR\BIBL_A\016296544
005 20251003150209.0
010 _a978-5-907648-20-3
_9500
021 _aRU
_bКН-П-23-002317
_9КН-П-23-0217
035 _a(NLR Aleph) 016296544
035 _a(RuMoRGB)011533892
090 _a12960615
_c12960615
100 _a20230222d2022 k y0rusy50 ca
101 0 _arus
102 _aRU
105 _aach z 100zy
181 0 _ai
_baxxe
182 0 _an
200 1 _aПрохоровка - о прошлом для будущего
_eматериалы краеведческих конференций: 12 декабря 2018 г., 11 декабря 2019 г., 14 декабря 2021 г.
_fФедеральное государственное бюджетное учреждение культуры "Государственный военно-исторический музей-заповедник "Прохоровское поле"
_gсоставители: С. В. Бородина [и др.]
_gредактор: Н. И. Овчарова
203 _aТекст
_bвизуальный
_cнепосредственный
210 _aБелгород
_cКонстанта
_aПрохоровка
_cПрохоровское поле
_d2022
215 _a576 с.
_cил., цв. ил., портр., факс.
_d21
300 _aЗагл. обл. и корешка: Материалы краеведческих конференций, 12 декабря 2018 г., 11 декабря 2019 г., 14 декабря 2021 г. "Прохоровка - о прошлом для будущего"
320 _aБиблиогр. в подстроч. примеч.
607 _aПрохоровский район (Белгородская область)
_jСъезды, совещания и т.п
_xИстория
_92379156
_3RU\NLR\AUTH\661419601
675 _a908(470.325)(082)
_v4
686 1 _aТ3(2Р-4Бл)я431
702 1 _4220
_7ca
_8rus
_aБородина
_bС. В.
_cмузеевед, краевед
_gСветлана Васильевна
_92679374
_3RU\NLR\AUTH\770284907
702 1 _aОвчарова
_bН. И.
_gНаталья Ивановна
_4340
711 1 2 _a"Прохоровка - о прошлом для будущего", краеведческая конференция
_eБелгородская обл.
_f2018
_9838157
_3RU\NLR\AUTH\880586160
711 1 2 _a"Прохоровка - о прошлом для будущего", краеведческая конференция
_eБелгородская обл.
_f2019
_9838159
_3RU\NLR\AUTH\880586161
711 1 2 _a"Прохоровка - о прошлом для будущего", краеведческая конференция
_eБелгородская обл.
_f2021
_9838161
_3RU\NLR\AUTH\880586163
712 0 2 _4570
_a"Прохоровское поле", государственный военно-исторический музей-заповедник
_cпос. Прохоровка, Белгородская обл.
_9557281
_3RU\NLR\AUTH\8810029359
942 _cBOOK
980 _aNB